000 00714nam a22001697a 4500
003 UA-OsUOA
001 14229
007 ta
008 20030728b un ||||| |||| 00| 0 ukr d
942 _cSA
040 _aUA-OsUOA
_cUA-OsUOA
_dUA-OsUOA
245 _aПро оздоровлення громадян району , які постраждали внаслідок Чорнобильської катастрофи , у 2003 році : Розпорядження голови райдержадмін. N161 від 16 квіт. 2003 р.
300 _aС.2
955 _a0
773 0 _w0
_tСарненські новини
_dСарни
_d2003
_g№41/42/24 квіт./
650 7 _aКраєзнавча робота
_2UDC
999 _c300390
_d300390